Los pueblos indígenas y afro descendientes y la formación de las naciones en América Central /
Furkejuvvon:
| Váldodahkki: | |
|---|---|
| Materiálatiipa: | Dovdameahttun |
| Giella: | Spanish |
| Almmustuhtton: |
Heredia, Costa Rica:
Universidad Nacional. Facultad de Filosofía y Letras.
2012.
|
| Fáttát: | |
| Liŋkkat: | http://www.revistas.una.ac.cr/index.php/istmica/article/download/6003/5901 |
| Fáddágilkorat: |
Lasit fáddágilkoriid
Eai fáddágilkorat, Lasit vuosttaš fáddágilkora!
|
MARC
| LEADER | 00000 a2200000 4500 | ||
|---|---|---|---|
| 008 | 150427s2012 cr | ||||a000 0 spa d | ||
| 022 | |a 1023-0890 | ||
| 040 | |a CRU CIICLA | ||
| 100 | 1 | |a Casaus Arzú, Marta | |
| 245 | 1 | 4 | |a Los pueblos indígenas y afro descendientes y la formación de las naciones en América Central / |c Marta Casaus Arzú |
| 260 | |a Heredia, Costa Rica: |b Universidad Nacional. Facultad de Filosofía y Letras. |c 2012. | ||
| 300 | |a páginas 9-12 | ||
| 500 | |a En este acercamiento abordaremos la relación entre los pueblos indígenas y la construcción de las naciones centroamericanas y en este sentido, aunque la región aparenta una cierta homogeneidad, tanto en datos demográficos, sociales y políticos en el ámbito de los pueblos indígenas y afro descendientes, las similitudes son muy notables entre Costa Rica y Guatemala en cuanto al deseo de blanquear la nación y construir una nación sin indígenas, ni afro descendientes; o entre El Salvador y Nicaragua, donde el mito del mestizaje y la desaparición de los indios con la formación de la nación homogénea en el siglo XIX les funcionó, o al menos así imaginaron una nación recreada por las élites liberales que se consideraban blancas. | ||
| 650 | 1 | 4 | |a INDIOS CENTROAMERICANOS |
| 650 | 1 | 4 | |a MESTIZAJE |
| 650 | 1 | 4 | |a AFRODESCENDIENTES |
| 650 | 1 | 4 | |a NACION |
| 773 | 0 | |a Universidad Nacional Facultad de Filosofía y Letras |d Heredia, Costa Rica: Facultad de Filosofía y Letras, Universidad Nacional, 1994- |t Ístmica: |g Número 15, 9-12 páginas, 2012. | |
| 856 | |u http://www.revistas.una.ac.cr/index.php/istmica/article/download/6003/5901 | ||
| 942 | |2 ddc |c ARC | ||
| 999 | |c 4040 |d 4040 | ||
